000
00245nam a2200121#a 4500
001
01383
003
HDC
007
ta
008
230623s2023 xx 000 0 eng d
040
_a
HDC
245
0
_a
HDC corporate video 2008 [GMD]
942
_2
lcc
999
_c
22949
_d
22949